Lo que no encontré en los tratados de construcción : un sólo sistema, la fórmula única o la tabla precisa para calcular cerchas, muros, bóvedas, etc. y el método gráfico simplificado para el cálculo directo de vigas contínuas o estructuras sencillas /

Contenido: 1) Estática gráfica; 2) Momentos y su cálculo; 3) Cálculo de secciones; 4) Cálculo de secciones de hormigón armado; 5) Vigas; 6) Muros, muros de contención de tierras; Muros de contención de agua; 7) Cubiertas; 8) Bóvedas y arcos; 9) Aplicación del método de cálculo de la viga continua a...

وصف كامل

محفوظ في:
التفاصيل البيبلوغرافية
المؤلف الرئيسي: Rodón, Enrique (autor)
التنسيق: كتاب
اللغة:الإسبانية
منشور في: Barcelona, España : Reverté, 1951, c1951
الموضوعات:
الوسوم: إضافة وسم
لا توجد وسوم, كن أول من يضع وسما على هذه التسجيلة!

MARC

LEADER 00000nam^a2200000^a^4500
001 000291604
005 20250521000000.0
009 20260310112043.393
037 |a Acervo ITESO - Biblioteca 
041 |a ESP 
082 |a 624. 1712  |b ROD V. 1 
100 |a Rodón, Enrique  |e (autor) 
245 1 0 |a Lo que no encontré en los tratados de construcción :  |b un sólo sistema, la fórmula única o la tabla precisa para calcular cerchas, muros, bóvedas, etc. y el método gráfico simplificado para el cálculo directo de vigas contínuas o estructuras sencillas /  |c E. Rodón. 
264 4 |a Barcelona, España :  |b Reverté,  |c 1951, c1951 
300 |a 268 p. +  |e 7 láminas 
336 |a texto  |b txt  |2 rdacontenido 
337 |a sin mediación  |b n  |2 rdamedio 
338 |a volumen  |b nc  |2 rdasoporte 
520 |a Contenido: 1) Estática gráfica; 2) Momentos y su cálculo; 3) Cálculo de secciones; 4) Cálculo de secciones de hormigón armado; 5) Vigas; 6) Muros, muros de contención de tierras; Muros de contención de agua; 7) Cubiertas; 8) Bóvedas y arcos; 9) Aplicación del método de cálculo de la viga continua a estructuras indeformables o con cargas simétricas; 10) Aplicación de la viga continua al cálculo de cimientos. Se incluyen 7 láminas desplegables con ejemplos de flexión compuesta del hormigón para diferentes casos. 
649 |a XX 
650 |a Concreto Armado 
650 |a Vigas -  |x Tema Principal 
650 |a Estática Gráfica -  |x Tema Principal 
650 |a Cálculo Estructural 
650 |a Construcción -  |x Tema Principal 
650 |a Cálculo 
650 |a Ingeniería Civil 
910 |a Fondo General 
920 |a Impresos - Libros 
930 |a Colección General 
905 |a 101 
901 |a 0500029585  |b IT1  |c ACC  |u 20250521 
901 |a 0500177947  |b IT2  |c FOL  |u 20250521 
901 |a 0500177950  |b IT2  |c FOL  |u 20250521 
901 |a 0500177953  |b IT2  |c FOL  |u 20250521 
901 |a 0500177956  |b IT2  |c FOL  |u 20250521 
901 |a 0500177963  |b IT2  |c FOL  |u 20250521 
901 |a 0500177959  |b IT2  |c FOL  |u 20250521 
901 |a 0500177960  |b IT2  |c FOL  |u 20250521 
902 |a https://opac.biblio.iteso.mx/vufind/Record/000291604